Major companies of Europe 2003 : (Record no. 163563)
[ view plain ]
| 000 -LEADER | |
|---|---|
| fixed length control field | 00843cas a2200253 4500 |
| 008 - FIXED-LENGTH DATA ELEMENTS--GENERAL INFORMATION | |
| fixed length control field | |
| 020 ## - INTERNATIONAL STANDARD BOOK NUMBER | |
| International Standard Book Number | 1860993109 (hbk.) |
| 049 ## - LOCAL HOLDINGS (OCLC) | |
| Holding library | MAIN |
| 090 ## - LOCALLY ASSIGNED LC-TYPE CALL NUMBER (OCLC); LOCAL CALL NUMBER (RLIN) | |
| Classification number (OCLC) (R) ; Classification number, CALL (RLIN) (NR) | HC241.2.P667 MAJ |
| 003 - CONTROL NUMBER IDENTIFIER | |
| control field | |
| 005 - DATE AND TIME OF LATEST TRANSACTION | |
| control field | 20230123134313.0 |
| 040 ## - CATALOGING SOURCE | |
| Transcribing agency | NUST |
| 245 00 - TITLE STATEMENT | |
| Title | Major companies of Europe 2003 : |
| Remainder of title | volume 6 United Kingdom. |
| 260 ## - PUBLICATION, DISTRIBUTION, ETC. | |
| Place of publication, distribution, etc. | London : |
| Name of publisher, distributor, etc. | Graham & Whiteside, |
| Date of publication, distribution, etc. | 2002. |
| 300 ## - PHYSICAL DESCRIPTION | |
| Extent | 1197 p. ; |
| Dimensions | 29 cm. |
| 650 #0 - SUBJECT ADDED ENTRY--TOPICAL TERM | |
| Topical term or geographic name entry element | Industries |
| Geographic subdivision | Europe |
| General subdivision | Directories. |
| 651 #0 - SUBJECT ADDED ENTRY--GEOGRAPHIC NAME | |
| Geographic name | European Economic Community countries |
| General subdivision | Industries |
| -- | Directories. |
| 650 #0 - SUBJECT ADDED ENTRY--TOPICAL TERM | |
| Topical term or geographic name entry element | Corporations |
| Geographic subdivision | Europe |
| General subdivision | Directories. |
| 650 #0 - SUBJECT ADDED ENTRY--TOPICAL TERM | |
| Topical term or geographic name entry element | Corporations |
| Geographic subdivision | European Economic Community countries |
| General subdivision | Directories. |
| 700 ## - ADDED ENTRY--PERSONAL NAME | |
| Personal name | Paszkowska, Rebecca |
| 700 ## - ADDED ENTRY--PERSONAL NAME | |
| Personal name | Oddy, Christine |
| 907 ## - LOCAL DATA ELEMENT G, LDG (RLIN) | |
| a | .b10222984 |
| b | 28-02-07 |
| c | 15-12-06 |
| 942 ## - ADDED ENTRY ELEMENTS (KOHA) | |
| Koha item type | Ordinary Loan Books |
| Call number prefix | HC241.2.P667 MAJ |
No items available.